Japanese workbook : learn the Japanese alphabet and perfect IT /

Podrobná bibliografie
Hlavní autor: Tamaki, Hikaru
Další autoři: Bernhart, Andrey
Médium: Kniha
Jazyk:English
Japanese
Vydáno: Germany : Buchblick Verlag, 2024.
Témata:
Classic Catalogue: View this record in Classic Catalogue
LEADER 02057nam a22003377a 4500
001 44770
003 BD-DhAAL
005 20250910152239.0
008 250909t2024 au a|||| |||| 00| 0 eng d
020 |a 9798323758166 
040 |a BD-DhAAL  |c BD-DhAAL 
041 |a jpn  |a eng 
082 |a 495.682421  |2 23 
100 |a Tamaki, Hikaru.  |9 59226 
245 |a Japanese workbook :  |b learn the Japanese alphabet and perfect IT /  |c Hikaru Tamaki, Andrey Bernhart. 
260 |a Germany :  |b Buchblick Verlag,  |c 2024. 
300 |a 157 pages :  |b illustrations ;  |c 23 cm 
526 |a CSE  |x Annajiat Alim Rasel Senior Lecturer Department of Computer Science & Engineering course name and no: Japanese Language and General for ITEE (JPN 101) 
541 |a Trim Education  |e 44770, 44771 
650 |a Chinese characters  |z Japan.  |9 59284 
650 |a Japanese language  |x Writing  |x Kana.  |9 59289 
650 |a Japanese language  |v Textbooks for foreign speakers  |x English.  |9 59285 
650 |a Japanese language  |x Writing.  |9 59286 
650 |a Japanese language  |x Writing  |x Problems, exercises, etc.  |9 59288 
650 |a Japanese language  |x Self-instruction.  |9 59273 
700 |a Bernhart, Andrey.  |9 59287 
852 |a Ayesha Abed Library  |c General Stacks 
942 |2 ddc  |c BK 
999 |c 47441  |d 47441 
952 |0 0  |1 0  |2 ddc  |4 0  |6 495_682421000000000_TAM  |7 0  |9 78091  |a BRACUL  |b BRACUL  |c GEN  |d 2025-09-02  |e Trim Education  |g 3000.00  |l 1  |m 1  |o 495.682421 TAM  |p 3010044771  |r 2025-10-27  |s 2025-10-16  |t 2  |v 6000.00  |w 2025-09-02  |y BK  |x Requisitioned by Annajiat Alim Rasel (Senior Lecturer, Department of Computer Science and Engineering, BRAC University) for the course named - 'Japanese Language and General for ITEE (JPN 101)' 
952 |0 0  |1 0  |2 ddc  |4 0  |6 495_682421000000000_TAM  |7 0  |9 78092  |a BRACUL  |b BRACUL  |c NEW  |d 2025-09-02  |e Trim Education  |g 3000.00  |l 0  |o 495.682421 TAM  |p 3010044770  |r 2025-09-02  |t 1  |v 6000.00  |w 2025-09-02  |y BK  |x Requisitioned by Annajiat Alim Rasel (Senior Lecturer, Department of Computer Science and Engineering, BRAC University) for the course named - 'Japanese Language and General for ITEE (JPN 101)'